Sociálny marketing (východiská, špecifiká a jeho uplatnenie v praxi) dizertačná práca

Saved in:
Bibliographic Details
Main Author: Kováčová, Jana
Corporate Author: Obchodná fakulta EU. Katedra marketingu
Other Authors: Čihovská, Viera
Format: Book
Language:Slovak
Published: Bratislava 2011
Subjects:
Tags: Add Tag
No Tags, Be the first to tag this record!

MARC

LEADER 00000nam a2200000 4500
001 0141365
005 20221207094904.7
041 0 |a slo 
044 |a SK 
245 1 0 |a Sociálny marketing (východiská, špecifiká a jeho uplatnenie v praxi)  |b dizertačná práca  |c Jana Kováčová ; školiteľ: Viera Čihovská 
264 1 |a Bratislava  |c 2011 
300 |a 152 s. 
610 2 0 |a marketing sociálny 
610 2 0 |a marketing mix 
610 2 0 |a programy sociálne 
100 1 |a Kováčová, Jana 
700 1 |a Čihovská, Viera 
710 2 |a Obchodná fakulta EU. Katedra marketingu